000 00924nac a22002777a 4500
001 BR7909164
003 BR-BrBNA
005 20240105114600.0
008 230509b bl.|||m| |||| 00| 0 por d
040 _aBR-BrBNA
_bpor
_cBiblioteca Nacional de Agricultura
072 _aM10
090 _a8140 BR7909164
100 1 _aRebelo Neto, P.X.
110 1 _aEmpresa Goiana de Pesquisa Agropecuaria, Goiania, GO (Brasil)
245 1 _aContribuicao para o estudo da reproducao do voador, Anodus sp.
_bConvenio EMGOPA/SUDEPE
260 3 _aGoiania, GO (Brasil):
_c1979.
300 _a45 p.
490 _aBoletim Tecnico - Empresa Goiana de Pesquisa Agropecuaria (Brazil)
_vno. 6
_xISSN 0100-3003
500 _a10 tables; 18 graphs; 13 ref.
650 _aPEIXE VOADOR
650 _aCRIACAO
650 _aDESOVA
650 _aFECUNDACAO ANIMAL
909 _a202312
_bLúcia Elande
_c55
_dLúcia Elande
942 _2AGRIS
_n0
_cMS
999 _c270175
_d270175